00311nam a22000977a 4500008004100000082001700041100002400058245009300082260003000175300000800205230629b xxu||||| |||| 00| 0 eng d a346.043bLUM cKenya Land Alliance aThe Efficacy of Establishing a National Land commission for Land Administration in Kenya bKenya Land Alliancec2005 a11p